Canadian Provinces by Picture - Statistics

General Stats
  • This quiz has been taken 107 times
  • The average score is 10 of 13
Answer Stats
Picture Answer % Correct
Ontario
98%
Alberta
91%
Quebec
90%
British Columbia
76%
Nova Scotia
76%
Newfoundland and Labrador
73%
Saskatchewan
72%
Manitoba
70%
Yukon
67%
Prince Edward Island
64%
New Brunswick
63%
Nunavut
59%
Northwest Territories
53%
No matching quizzes found
Score Distribution
Percent of People with Each Score
Percentile by Number Answered
Your Score History
You have not taken this quiz